The epic in nineteenth-century France (Record no. 187739)

MARC details
000 -LEADER
campo de control de longitud fija 00686nam a2200181 i 4500
001 - NÚMERO DE CONTROL
campo de control 187739
003 - IDENTIFICADOR DE NÚMERO DE CONTROL
campo de control ES-MaACL
005 - FECHA Y HORA DE LA ÚLTIMA TRANSACCIÓN
campo de control 20230906223022.0
008 - DATOS DE LONGITUD FIJA--INFORMACIÓN GENERAL
campo de control de longitud fija 180205s1941 xxk |||| | fre d
100 1# - ENTRADA PRINCIPAL--NOMBRE DE PERSONA
Nombre de persona Hunt, Herbert J.
9 (RLIN) 164210
245 14 - MENCIÓN DEL TÍTULO
Título The epic in nineteenth-century France
Resto del título : a study in heroic and humanitarian poetry from Les martyrs to Les siècles morts /
Mención de responsabilidad, etc. by Herbert J. Hunt,... ; with a foreword by professor Gustave Rudler.
260 ## - PUBLICACIÓN, DISTRIBUCIÓN, ETC.
Lugar de publicación, distribución, etc. Oxford :
Nombre del editor, distribuidor, etc. B. Blackwell,
Fecha de publicación, distribución, etc. 1941.
300 ## - DESCRIPCIÓN FÍSICA
Extensión XIII, 446 p. ;
Dimensiones 22 cm.
504 ## - NOTA DE BIBLIOGRAFÍA, ETC.
Nota de bibliografía, etc. Bibliogr. p. [424]-439.
650 #4 - PUNTO DE ACCESO ADICIONAL DE MATERIA--TÉRMINO DE MATERIA
Término de materia o nombre geográfico como elemento de entrada Poesía francesa-
Subdivisión cronológica S.XIX.
9 (RLIN) 140650
700 0# - ENTRADA AGREGADA--NOMBRE PERSONAL
Nombre de persona Rudler, Gustave.
9 (RLIN) 100492
852 ## - LOCALIZACIÓN
Ubicación ES-MaACL
Número de control de estantería D-7783
Holdings
Estatus retirado Estado de pérdida Estado de daño No para préstamo Biblioteca de origen Biblioteca actual Ubicación en estantería Fecha de adquisición Fuente de adquisición Total de préstamos Signatura topográfica completa Código de barras Visto por última vez Precio de reemplazo Tipo de ítem Koha
        Biblioteca del Ateneo de Madrid Biblioteca del Ateneo de Madrid Sala Valle Inclán 05/02/2018     D-7783 901198329 23/02/2023 23/02/2023 Libro impreso